[Event "COL-ch U17"]
[Site "Villavicencio"]
[Date "2013.11.28"]
[Round "1.3"]
[White "Llano Buritica, Eduardo Alejandro"]
[Black "Hincapie, David"]
[Result "1-0"]
[WhiteElo "1666"]
[BlackElo "1500"]
[PlyCount "79"]
[EventDate "2013.11.28"]
[EventType "swiss"]
[EventRounds "6"]
[EventCountry "COL"]
[SourceTitle "EXT 2024"]
[Source "ChessBase"]
[SourceDate "2023.10.10"]
[SourceVersion "1"]
[SourceVersionDate "2023.10.10"]
[SourceQuality "1"]

1. e4 Nc6 2. d4 e5 3. dxe5 Nxe5 4. f4 Nc6 5. Be3 Nf6 6. Bd3 d6 7. Nc3 Ng4 8. Bd2 Nd4 9. Nf3 Nxf3+ 10. Qxf3 Be7 11. h3 Nf6 12. g4 Be6 13. f5 Bc8 14. 0-0-0 Nd7 15. Bf4 Bg5 16. Kb1 Bxf4 17. Qxf4 Ne5 18. g5 Bd7 19. h4 c6 20. Be2 Qc7 21. f6 g6 22. h5 0-0-0 23. Rh2 Be6 24. Rdh1 b5 25. hxg6 fxg6 26. Bf1 b4 27. Ne2 Qa5 28. Nc1 Rd7 29. Nb3 Qb6 30. Bh3 Bxh3 31. Rxh3 a5 32. Qd2 c5 33. Qd5 Kb8 34. Rxh7 Rhxh7 35. Rxh7 Qb7 36. Qg8+ Ka7 37. Rxd7 Nxd7 38. f7 Qxe4 39. f8Q Nxf8 40. Qxf8 1-0